| 000 | 01083nam a2200301 a 4500 | ||
|---|---|---|---|
| 999 |
_c8742 _d8742 |
||
| 001 | 8742 | ||
| 003 | BD-JhCC | ||
| 005 | 20180920091247.0 | ||
| 008 | 180303s1971 bg b b 001 0 eng d | ||
| 020 | _cTk20.00 | ||
| 035 | _a(BD-JhCC)8742 | ||
| 040 |
_aBD-JhCC _cDLC _dBD-JhCC |
||
| 041 | _aeng | ||
| 050 | 0 | 0 |
_aHJ4387.8.C48 _bS47 |
| 082 | 0 | 0 |
_a354/.549/2307 _bSER 1971 |
| 100 | 1 | _aSerajuddin, Alamgir Muhammad. | |
| 245 | 1 | 4 |
_aThe revenue administration of the East India Company in Chittagong, 1761-1785 / _cAlamgir Muhammad Serajuddin. |
| 260 |
_aChittagong : _bUniversity of Chittagong, _c1971. |
||
| 300 |
_aix, 259 p. : _bmap. ; _c23 cm. |
||
| 500 | _aStamped on lining paper: Distributed by Oxford University Press, Dacca. | ||
| 500 | _a"Thesis approved for the degree of doctor of philosophy of the University of London, February 1964." | ||
| 500 | _aIncludes index. | ||
| 504 | _aBibliography: p. [234]-245. | ||
| 610 | 2 | 0 | _aEast India Company. |
| 650 | 0 |
_aLand value taxation _zChittagong, Bangladesh (District) _xHistory. |
|
| 942 |
_2ddc _cBK |
||